1374 1406 1103 1411 1697 1031 1914 1423 1831 1320 1180 1130 1464 1862 1347 1042 1521 1924 1930 1674 1723 1837 1116 1048 1397 1554 1686 1411 1399 1803 1397 1468 1294 1542 1726 1850 1922 1084 1946 1985 1503 1920 1223 1339 1604 1369 1988 1919 1229 1505 1676 1403 1041 1635 1621 1330 1158 1312 1581 1005 1793 1185 1212 1061 1564 1396 1922 1837 1286 1951 1091 1030 1530 1632 1994 1295 1011 1566 1585 1665 1193 1389 1860 1078 1697 1052 1310 1038 1425 1951 1307 1204 1727 1543 1397 1460 1268 1706 1074 BCNSPRNW ULIB Ver.6.0+V

เปลี่ยนเป็นภาษาไทย

Change to English
 แสดงรายละเอียดบรรณานุกรม
  กลับหน้าหลัก

Brief Record : Get Marc (ISO 2709) : E-mail record : QR code < ปิดหน้าต่าง
LEADER : 00000nam a2200000 a 4500
001    13399114532
003     ULIB
008    111114s2011 enka b 000 0 eng d
020    ^a9781405198660
060 04 ^aWP870^bB828
245 00 ^aBreast cancer :^bnursing care and management /^cedited by Victoria Harmer
250    ^a2nd ed.
260    ^aChichester :^bWiley-Blackwell,^c2011
300    ^axii, 366 p. :^bill. ;^c24 cm.
500    ^aSend to Single Search
504    ^aIncludes bibliographical references.
650  2 ^aBreast Neoplasms^xnursing.
650  2 ^aBreast Neoplasms^xtherapy.
650  2 ^aOncologic Nursing^xmethods.
700 1  ^aHarmer, Victoria,^eed.
945    ^p0^l0^i031634
995    ^aKesorn
999 ^a ใช้งานได้ทุกระบบ
รายการนี้ยังไม่มีแท็ก
คุณยังไม่ได้ล็อกอิน คุณสามารถมีกิจกรรมร่วมกับเว็บไซต์ได้ แต่ต้องล็อกอินก่อน ::
  ล็อกอิน

รายการสื่อสารสนเทศ

ลำดับที่ ประเภท เลขเรียก/บาร์โค้ด สถานที่ สถานะ
- ไม่พบข้อมูล -

BibComment


ยังไม่เคยถูกคอมเมนท์

คอมเมนท์ทรัพยากรรายการนี้
  คอมเมนท์: Breast cancer n..


 Copyright 2026. Bcnsprnw @Library